| 000 | 01147nam a2200217 4500 | ||
|---|---|---|---|
| 008 | |||
| 049 | _aMAIN | ||
| 090 | _aQR81 INT | ||
| 110 | 2 | _aInternational Committee on Bacteriological Nomenclature. | |
| 245 | 1 | 0 |
_aInternational code of nomenclature of bacteria and viruses _bbacteriological code, publication date: June, 1958 _cEdited by the Editorial Board of the International Committee on Bacteriological Nomenclature. Approved by the Judicial Commission of the International Committee on Bacteriological Nomenclature, the International Committee on Bacteriological Nomenclature, the International Association of Microbiological Societies [and] the plenary session of the VI International Congress of Microbiology, Rome, Italy, September, 1953. |
| 260 |
_aAmes, _bIowa State College Press _c[1958] |
||
| 300 |
_axxii, 186 p _c24 cm. |
||
| 504 | _aIncludes bibliographical references. | ||
| 650 | 0 |
_aBacteria _xNomenclature. |
|
| 650 | 0 |
_aViruses _xNomenclature. |
|
| 907 |
_a.b1023293x _b19-02-07 _c19-02-07 |
||
| 003 | |||
| 005 | 20230120203943.0 | ||
| 040 | _cNUST | ||
| 942 |
_cBOOKS _kQR81 INT |
||
| 999 |
_c114513 _d114513 |
||